Literal Meanings of Vietnamese Animal Names - Statistics

General Stats
  • This quiz has been taken 30 times
  • The average score is 7 of 11
Answer Stats
Literal Translation Vietnamese Name Animal (English) % Correct
Meow Mèo Cat
100%
High Neck Deer Hươu cao cổ Giraffe
81%
Sewage Mouse Chuột Cống Rat
74%
Bag Mouse Chuột túi Kangaroo
70%
Elephant Fish Cá voi Whale
70%
Fat Fish Cá mập Shark
63%
God Goose Thiên nga Swan
63%
Assassin Elephant Fish Cá voi sát thủ Orca
59%
Amputated Wing bird Chim Cánh Cụt Penguin
52%
Pig Fish Cá heo Dolphin
41%
Ugly Fish Cá sấu Crocodile
33%
No matching quizzes found
Score Distribution
Percent of People with Each Score
Percentile by Number Answered
Your Score History
You have not taken this quiz